| Tag |
First Indicator |
Second Indicator |
Subfields |
| LEADER |
00000cas a2200000 4500 |
| 001 |
in00000046047 |
| 005 |
20151007065306.0 |
| 008 |
790523c19799999nyuar2 0uuua0eng d |
| 010 |
|
|
|a 79644715
|z sn 79002944
|
| 012 |
|
|
|a 2
|b 7
|e n
|k 1
|
| 022 |
0 |
|
|a 0141-8106
|
| 035 |
|
|
|a (OCoLC)04995123
|
| 035 |
|
|
|9 AAE1698AM
|
| 040 |
|
|
|a NSD
|c NSD
|d DLC
|d TXA
|d UtOrBLW
|
| 042 |
|
|
|a lc
|
| 043 |
|
|
|a n-us---
|
| 049 |
|
|
|a TXAE
|
| 050 |
0 |
0 |
|a TD169
|b .A37
|
| 082 |
0 |
|
|a 363.7/00973
|
| 210 |
0 |
|
|a Adv. environ. sci. eng.
|
| 222 |
|
0 |
|a Advances in environmental science and engineering
|
| 245 |
0 |
0 |
|a Advances in environmental science and engineering.
|
| 264 |
|
1 |
|a New York :
|b Gordon and Breach Science Publishers.
|
| 300 |
|
|
|a volumes :
|b illustrations ;
|c 24 cm. annual.
|
| 336 |
|
|
|a text
|b txt
|2 rdacontent
|
| 337 |
|
|
|a unmediated
|b n
|2 rdamedia
|
| 338 |
|
|
|a volume
|b nc
|2 rdacarrier
|
| 362 |
0 |
|
|a v. 1- 1979-
|
| 650 |
|
0 |
|a Environmental protection
|v Periodicals.
|
| 650 |
|
0 |
|a Environmental protection
|z United States
|v Periodicals.
|
| 650 |
|
0 |
|a Pollution
|v Periodicals.
|
| 650 |
|
0 |
|a Pollution
|z United States
|x Periodicals.
|
| 999 |
|
|
|a MARS
|
| 999 |
f |
f |
|s cd3c8ab9-4b4b-3b0a-81ca-7a4cae813d1c
|i 1caae9ee-2378-31d0-9caa-477fc3cdee0d
|t 0
|
| 952 |
f |
f |
|p ric
|a Texas A&M University
|b Rellis Campus
|c Joint Library Facility
|d Remote Storage
|t 0
|e TD169 .A37
|h Library of Congress classification
|i unmediated -- volume
|k v.5
|m A14809825307
|
| 952 |
f |
f |
|p ric
|a Texas A&M University
|b Rellis Campus
|c Joint Library Facility
|d Remote Storage
|t 0
|e TD169 .A37
|h Library of Congress classification
|i unmediated -- volume
|k v.4
|m A14810770913
|
| 952 |
f |
f |
|p ric
|a Texas A&M University
|b Rellis Campus
|c Joint Library Facility
|d Remote Storage
|t 0
|e TD169 .A37
|h Library of Congress classification
|i unmediated -- volume
|k v.1
|m A14809715594
|
| 998 |
f |
f |
|a TD169 .A37
|t 0
|l Remote Storage
|